000 00416nam a2200157Ia 4500
008 160105s9999 xx 000 0 und d
041 _afre
245 _aLes ovins
260 _aAlger
260 _c1975
300 _bill.
654 _xOVIN/RACE (ANIMAL)/PRODUCTIVITE/TROUPEAU/BREBIS/ALIMENTATION DES ANIMAUX/ALLAITEMENT
942 _c09
994 _a113036
999 _c12840
_d40838